La ratio teologica nel pensiero giuridico-politico del Suarez. La teoretica suareziana e la recensione dei soui critici
Gespeichert in:
| 1. Verfasser: | |
|---|---|
| Format: | Buch |
| Sprache: | Italienisch |
| Veröffentlicht: |
Milán
Dott. A. Giuffrè
1965
|
| Schriftenreihe: | Libera Università Abruzzese Degli Studi G. D'Annunzio, 3
|
| Schlagworte: | |
| Tags: |
Tag hinzufügen
Keine Tags, Fügen Sie den ersten Tag hinzu!
|
MARC
| LEADER | 00000nam a2200000 a 4500 | ||
|---|---|---|---|
| 001 | UCR2890 | ||
| 003 | CL-VaPUC | ||
| 008 | 980116e19650000IT |||||||||||||||||ita|d | ||
| 082 | 0 | 4 | |a 340.1 |b ANG |2 21 |
| 100 | 0 | |a Angelis, Antonio de |e author |9 401376 | |
| 245 | 1 | 3 | |a La ratio teologica nel pensiero giuridico-politico del Suarez. La teoretica suareziana e la recensione dei soui critici |
| 300 | |a 479 p | ||
| 942 | |c BK | ||
| 945 | |d 19980116 00:00:00 |a crobeson | ||
| 260 | |a Milán |b Dott. A. Giuffrè |c 1965 | ||
| 650 | 0 | |a Filosofía del derecho |9 255050 | |
| 650 | 7 | |a DERECHO |2 CL-VaPUC |9 401377 | |
| 650 | 0 | |a Política |9 255312 | |
| 650 | 0 | |a Filosofía |9 223554 | |
| 650 | 0 | |a Teología |9 258766 | |
| 583 | |a last modification |c 19980116 00:00:00 |k Rodrigo Vera | ||
| 490 | 0 | |a Libera Università Abruzzese Degli Studi G. D'Annunzio, 3 | |
| 999 | |c 266011 |d 266009 | ||
| 952 | |0 0 |1 0 |4 0 |6 340_100000000000000_ANG_1965 |7 0 |8 DER_HIS |9 297295 |a BIBDER |b BIBDER |d 2019-11-20 |i 1933035 |l 1 |o 340.1 ANG 1965 |p 1933035 |r 2023-01-25 |s 2020-03-17 |w 2019-11-20 |x Ubicación 4to Piso |y BK |z Estos recursos deben solicitarse con anticipación |k DER | ||